| 000 | 00568nam a2200169Ia 4500 | ||
|---|---|---|---|
| 008 | 151213s9999 xx 000 0 und d | ||
| 020 | _a984-8309227-9 | ||
| 100 | _aরবীন্দ্রনাথ ঠাকুর | ||
| 245 |
_aগল্প গুচ্ছ _cরবীন্দ্রনাথ ঠাকুর |
||
| 250 | _a১ম সং | ||
| 260 |
_aঢাকা _bতোফাজ্জল হোসেন _c2010 |
||
| 300 | _a8349 p. | ||
| 650 | _aBangla | ||
| 650 | _aগল্প | ||
| 700 | _aরবীন্দ্রনাথ ঠাকুর | ||
| 999 |
_c4189 _d4189 |
||